[Event "It (open)"]
[Site "masterchessopen.com - Cesky Krumlov (Czech Republic)"]
[Date "2010.11.26"]
[Round "7"]
[White "Nikolaeva Maria (UKR)"]
[Black "Chetverik Maxim (RUS)"]
[Result "0-1"]
[WhiteElo "2075"]
[BlackElo "2333"]

1.Nf3 f5 2.c4 Nf6 3.g3 e6 4.Bg2 Be7 5.O-O O-O 6.d4 Ne4 7.d5 Na6 8.Nbd2 Nd6
9.Ne5 Bf6 10.Nd3 c5 11.e4 fxe4 12.Nxe4 Nxc4 13.dxe6 dxe6 14.Nexc5 Nxc5 15.Nxc5
Bd4 16.Nd3 e5 17.Qb3 Be6 18.Qxb7 Rb8 19.Qc6 Rb6 20.Qe4 Rd6 21.Nb4 Qb6 22.Nc6
Rxf2 23.Nxd4 Rxf1+ 24.Kxf1 Rxd4 25.Qc2 Rd8 26.Bf3 e4 27.Bxe4 Ne3+ 28.Bxe3 Qxe3
{#R} 0-1

[Event "It (open)"]
[Site "masterchessopen.com - Geneva (Switzerland)"]
[Date "2010.12.29"]
[Round "6"]
[White "Bacrot Etienne (FRA)"]
[Black "Gerber Richard (SUI)"]
[Result "1-0"]
[WhiteElo "2716"]
[BlackElo "2388"]

1.d4 e6 2.Nf3 f5 3.g3 Nf6 4.Bg2 Be7 5.O-O O-O 6.c4 Ne4 7.b3 Bf6 8.Bb2 a5 9.Qc2
Nc6 10.Nbd2 d5 11.Rac1 Nb4 12.Qb1 Bd7 13.Rfd1 Be8 14.Ne5 Qe7 15.a3 Na6 16.Nd3
c6 17.Qc2 Bg5 18.e3 Bh5 19.Re1 Nc7 20.Nb1 Bf6 21.a4 Na6 22.Ba3 Nb4 23.Bxb4
axb4 24.c5 e5 25.dxe5 Bxe5 26.Nxb4 g5 27.Nd3 Bg7 28.b4 Bg6 29.a5 h5 30.f3 Nf6
31.Nd2 Rfe8 32.f4 Ng4 33.Nf3 Nxe3 34.Qd2 gxf4 35.gxf4 d4 36.Nde5 Bf7 37.Nxd4
Bxe5 38.Nxc6 bxc6 39.Qxe3 Bf6 40.Qg3+ {#r} 1-0

[Event "It (open)"]
[Site "masterchessopen.com - Lienz (Austria)"]
[Date "2011.02.14"]
[Round "4"]
[White "Lechner Daniel (AUT)"]
[Black "Chetverik Maxim (RUS)"]
[Result "1-0"]
[WhiteElo "2196"]
[BlackElo "2284"]

1.d4 f5 2.Nf3 Nf6 3.g3 e6 4.Bg2 Be7 5.O-O O-O 6.c4 Ne4 7.Nc3 Bf6 8.Qd3 d5
9.Bf4 c6 10.Be5 Be7 11.Rab1 a5 12.Bxb8 Rxb8 13.Ne5 Bd6 14.f3 Bxe5 15.dxe5 Qb6+
16.e3 dxc4 17.Qe2 Nxc3 18.bxc3 Qc5 19.f4 Rd8 20.Rfd1 Rd5 21.Rd4 b5 22.Rxc4
bxc4 23.Rxb8 Rd8 24.Kf2 Qa7 25.Qb2 Qd7 26.Bf3 h6 27.Qb6 Kh7 28.Qxc6 Qd2+
29.Be2 Rd3 30.Qxc8 Qxe3+ 31.Kf1 Qe4 32.Qg8+ Kg6 33.Qxe6+ Kh7 34.Qg8+ Kg6
35.Rb6+ {#r} 1-0

[Event "Ch Belgium"]
[Site "masterchessopen.com - Antwerpen (Belgium)"]
[Date "2011.07.06"]
[Round "5"]
[White "Hautot Stephane (BEL)"]
[Black "Meessen Rudolf (BEL)"]
[Result "1-0"]
[WhiteElo "2405"]
[BlackElo "2278"]

1.Nf3 e6 2.c4 f5 3.g3 Nf6 4.Bg2 Be7 5.O-O O-O 6.d4 Ne4 7.Nbd2 d5 8.Ne5 c5
9.cxd5 exd5 10.dxc5 Nc6 11.Nd3 Be6 12.Nb3 a5 13.f3 a4 14.fxe4 axb3 15.exf5
Rxa2 16.Rb1 Bxf5 17.Qxb3 Bxc5+ 18.Kh1 Bxd3 19.Rxf8+ Qxf8 20.exd3 Qf2 21.Be3
Qxe3 22.Qxa2 Ne5 23.Qxd5+ Kf8 24.Rf1+ Ke8 25.Qg8+ Kd7 26.Qxg7+ Kc8 27.Qxb7+
Kd8 28.Qb8+ Kd7 29.Bh3+ Ke7 30.Qf8# 1-0

[Event "It (open)"]
[Site "masterchessopen.com - Oberwart (Austria)"]
[Date "2011.07.17"]
[Round "9"]
[White "Kovacs Gabor M (HUN)"]
[Black "Kovacevic Blazimir (CRO)"]
[Result "1-0"]
[WhiteElo "2232"]
[BlackElo "2494"]

1.d4 e6 2.Nf3 f5 3.g3 Nf6 4.Bg2 Be7 5.O-O O-O 6.c4 Ne4 7.Nbd2 Bf6 8.Qc2 d5
9.b3 c5 10.cxd5 Qxd5 11.Ba3 Rd8 12.Rad1 cxd4 13.Nxe4 Qxe4 14.Nxd4 Qxc2 15.Nxc2
Nc6 16.Rxd8+ Nxd8 17.Rd1 Kf7 18.Ne3 Ke8 19.Nc4 Nf7 20.Bc5 Bd8 21.a4 Bd7 22.Rd3
Rc8 23.Bxa7 Bxa4 24.Bxb7 Rc7 25.bxa4 Rxb7 26.Bc5 Rc7 27.Nd6+ Nxd6 28.Bxd6 Rc4
29.Ra3 Ba5 30.Kg2 g5 31.Rb3 Rxa4 32.Rb7 Re4 33.e3 h5 34.Re7+ Kd8 35.Ra7 Bc3
36.Be7+ Ke8 37.Bxg5 Rg4 38.f4 {#r} 1-0

[Event "Ch Denmark (team) 2011/12"]
[Site "masterchessopen.com - Denmark"]
[Date "2011.12.04"]
[Round "3"]
[White "Brynell Stellan (SWE)"]
[Black "Kristiansen Jens (DEN)"]
[Result "0-1"]
[WhiteElo "2486"]
[BlackElo "2439"]

1.d4 f5 2.g3 Nf6 3.Bg2 e6 4.Nf3 Be7 5.O-O O-O 6.c4 Ne4 7.Nbd2 d5 8.b3 a5 9.a3
c5 10.Bb2 Bf6 11.cxd5 exd5 12.Qc2 cxd4 13.Bxd4 Nc6 14.Bxf6 Qxf6 15.e3 Be6
16.Qd3 Rad8 17.Nd4 Nxd4 18.exd4 Nxd2 19.Qxd2 f4 20.Rfe1 Rd6 21.Qxf4 Qxf4
22.gxf4 Kh8 23.Rac1 h6 24.Rc7 b6 25.Re3 Rxf4 26.Rg3 Rd7 27.Rxd7 Bxd7 28.Rd3
Be6 29.Kf1 Kg8 30.Ke2 Rh4 31.Rc3 Rxh2 32.Kf3 Bh3 33.Rc6 Rxg2 34.Rxb6 Rg4
35.Ke3 Re4+ 36.Kd3 Bf1+ 37.Kc3 Rf4 38.Rb8+ Rf8 {#R} 0-1

[Event "Ch Europe (active)"]
[Site "masterchessopen.com - Warsaw (Poland)"]
[Date "2011.12.17"]
[Round "7"]
[White "Grabarczyk Miroslaw (POL)"]
[Black "Wintzer Joachim (GER)"]
[Result "1-0"]
[WhiteElo "2457"]
[BlackElo "2324"]

1.d4 e6 2.c4 f5 3.Nf3 Nf6 4.g3 Be7 5.Bg2 O-O 6.O-O Ne4 7.Nbd2 Bf6 8.Qc2 Nxd2
9.Bxd2 d6 10.e4 Nc6 11.Bc3 e5 12.dxe5 Bxe5 13.Nxe5 dxe5 14.Rad1 Qe7 15.exf5
Bxf5 16.Qb3 Rab8 17.Rfe1 Qf7 18.Bd5 Be6 19.Rd2 Bxd5 20.cxd5 Nd4 21.Bxd4 exd4
22.Qc4 Rbd8 23.Qxd4 Rd7 24.Qe5 Rfd8 25.Rc2 Rxd5 26.Qxc7 R5d7 27.Qc4 Rd1
28.Rxd1 Rxd1+ 29.Kg2 Qxc4 30.Rxc4 Rd7 31.a4 Kf7 32.h4 Ke6 33.Kf3 Kd5 34.Rc3
Rf7+ 35.Ke3 Re7+ 36.Kd3 Rf7 37.f4 h5 38.Rc8 g6 39.b4 a6 {#r} 1-0